| 000 | 00990nam a22003137a 4500 | ||
|---|---|---|---|
| 003 | CHAP | ||
| 005 | 20220817040932.0 | ||
| 008 | 971013s1991 r 10010 d | ||
| 010 | _a3017 | ||
| 011 | _a3989 | ||
| 035 | _a3190 | ||
| 040 | _cCHAP | ||
| 082 |
_a633.368 _bR43 1990 |
||
| 111 | 0 | 0 |
_aRegional Groundnut Meeting for West Africa ( _n2 _d: 1990 _c: Niamey, Niger) _995648 |
| 245 | _aSummary proceeding | ||
| 260 |
_aPatancheru, India : _bThe Institute, _c1991 |
||
| 300 | _a139 p | ||
| 500 | _aD48-74 | ||
| 500 | _aEd. bilingue | ||
| 590 |
_aBATCH-UPD _b10 _c20130110 _lUCH01 _h0129 |
||
| 590 |
_aBATCH-UPD _b10 _c20130110 _lUCH01 _h2237 |
||
| 590 |
_aCONVERSION _b10 _c20130109 _lUCH01 _h1303 |
||
| 650 | 1 | 4 |
_aCacahuate _xAfrica. _916849 |
| 650 | 1 | 4 |
_aCacahuate _xCongresos. _916859 |
| 710 | 0 | _aInternational Crops Research Institute for the Semi-Arid Tropics. | |
| 901 | _aBK | ||
| 942 | _cLIBRO | ||
| 949 |
_a633.368 R43 1990 _bBC _cLIBRO _d33724000219101 _eLIBRO _h81312 _i3190 _mD _si |
||
| 999 |
_c3017 _d3017 |
||